| 000 | 00434nam a22001697a 4500 | ||
|---|---|---|---|
| 003 | CEME | ||
| 005 | 20210628202356.0 | ||
| 008 | 210203b xxu||||| |||| 00| 0 eng d | ||
| 040 | _c. | ||
| 082 | _a621.433 STA | ||
| 100 |
_aClark,J.S Lewis, Nasa _959615 |
||
| 245 | _aStationary gas turbine alternative fuels | ||
| 260 |
_aUSA _bAST, _c1983 |
||
| 300 | _a361P | ||
| 650 |
_aGAS TURBINE ALTERNATIVE FUELS _959616 |
||
| 942 |
_cBK _2ddc |
||
| 999 |
_c569549 _d569549 |
||